La Psicología Cognitivas del Aprendizaje Escolar (Record no. 16159)

MARC details
000 -LEADER
campo de control de longitud fija 00364nam a2200145Ia 4500
005 - FECHA Y HORA DE LA ÚLTIMA TRANSACCIÓN
campo de control 20251222144627.0
008 - DATOS DE LONGITUD FIJA--INFORMACIÓN GENERAL
campo de control de longitud fija 251222s9999||||xx |||||||||||||| ||spa||
020 ## - NÚMERO INTERNACIONAL ESTÁNDAR DEL LIBRO
Número Internacional Estándar del Libro 8477740801
082 ## - NÚMERO DE LA CLASIFICACIÓN DECIMAL DEWEY
Número de clasificación 618.928.914.2/G13
100 ## - ENTRADA PRINCIPAL--NOMBRE DE PERSONA
Nombre de persona Gagné, Ellen D.
245 #0 - MENCIÓN DEL TÍTULO
Título La Psicología Cognitivas del Aprendizaje Escolar
250 ## - MENCION DE EDICION
Mención de edición 1ra. Ed.
264 ## - PRODUCCIÓN, PUBLICACIÓN, DISTRIBUCIÓN, FABRICACIÓN Y COPYRIGHT
Nombre del de productor, editor, distribuidor, fabricante Visor
942 ## - ELEMENTOS DE ENTRADA SECUNDARIOS (KOHA)
Tipo de ítem Koha Libros
Holdings
Estatus retirado Estado de pérdida Estado de daño No para préstamo Biblioteca de origen Biblioteca actual Ubicación en estantería Fecha de adquisición Total de préstamos Signatura topográfica completa Código de barras Visto por última vez Precio de reemplazo Tipo de ítem Koha
        Biblioteca Central Biblioteca Central Programa 22/12/2025   618.928.914.2/G13 0024084 22/12/2025 22/12/2025 Libros